Music Quiz

Random Music or Kpop Quiz

Click on the Seventeen Member Quiz Stats

 Plays Quiz not verified by Sporcle

Also try: Odd Song Out: Kpop
Challenge
Share
Tweet
Score 0/13 Timer 03:00
0 Plays Today
% Correct
Jeonghan
95.1%
Vernon
95.1%
Woozi
94.2%
S.Coups
93.3%
Seungkwan
91.1%
The8
90.9%
Joshua
89.5%
Hoshi
88.6%
Dino
87.8%
Jun
87.8%
Mingyu
86.4%
DK
86.1%
Wonwoo
81.7%

You're not logged in!

Compare scores with friends on all Sporcle quizzes.
Join for Free
OR
Log In

You Might Also Like...

Show Comments

Extras

Created Sep 3, 2016ReportNominate
Tags:Kpop Quiz, Kpop Quiz

Top Quizzes Today


Score Distribution

Your Account Isn't Verified!

In order to create a playlist on Sporcle, you need to verify the email address you used during registration. Go to your Sporcle Settings to finish the process.

Report this User

Report this user for behavior that violates our Community Guidelines.

Details: